History Quiz

Random History or State Quiz

Evolution of Countries Quiz Stats

 Plays Quiz Updated Feb 20, 2019

Score 0/25 Timer 05:00
3 Plays Today
Governmental Change Country % Correct
Replace dictatorship of Adolf Hitler with military occupation under Bernard Montgomery, Jean de Lattre de Tassigny, Dwight Eisenhower, and Georgy ZhukovGermany
94%
Replace dictatorship of Fulgencio Batista with communist state of Fidel CastroCuba
91.3%
Replace communist state under Mikhail Gorbachev with republic of Boris YeltsinRussia
88.6%
Replace apartheid regime under FW de Klerk with republic under Nelson MandelaSouth Africa
88.4%
Replace authoritarian regime of Saddam Hussein with Coalition Provisional Authority under Paul BremerIraq
86.8%
Replace dictatorship of Francisco Franco with constitutional monarchy of Juan CarlosSpain
85.4%
Replace monarchy of Shah Pahlavi with Islamic state of Ruhollah KhomeiniIran
83.4%
Replace dictatorship of Moammar Gaddafi with transitional council of Mustafa Abdul JalilLibya
82.9%
Replace monarchy of Maximilian I with republic of Benito JuarezMexico
81.2%
Replace military dictatorship of Pol Pot with socialist state of Heng SamrinCambodia
80.4%
Replace monarchy under Puyi with republic of Sun Yat-senChina
79%
Replace republic under Salvador Allende with military junta of Augusto PinochetChile
74.9%
Replace republic under Felicjan Sławoj Składkowski with communist state of Boleslaw BierutPoland
64.7%
Governmental Change Country % Correct
Replace dictatorship of Idi Amin with provisional government under Yusuf LuleUganda
64.2%
Replace dictatorship under Jean-Claude Duvalier with transitional government under Henri NamphyHaiti
58.8%
Replace monarchy of Pedro II with republic of Deodoro da FonsecaBrazil
56.1%
Replace military government of Pervez Musharraf with republic under Asif Ali ZardariPakistan
51.1%
Replace authoritarian state of Suharto with transitional republic under BJ HabibieIndonesia
48.5%
Replace monarchy under Fuad II with republic under Muhammad NaguibEgypt
42.1%
Replace monarchy of Mihai I with communist state of Constantin ParhonRomania
39.6%
Replace absolute monarchy under Rama VII with constitutional monarchy of Rama VIIIThailand
32.7%
Replace communist state under Petar Mladenov with republic of Zhelyu ZhelevBulgaria
30.6%
Replace authoritarian regime under Marcelo Caetano with National Salvation Junta under Antonio de SpinolaPortugal
26%
Replace authoritarian government of Marc Ravalomanana with caretaker regime of Andry RajoelinaMadagascar
13.3%
Replace republic of Kamisese Mara with a military regime of Frank BainimaranaFiji
10.6%

You're not logged in!

Compare scores with friends on all Sporcle quizzes.
OR
Log In

Show Comments

Extras

Top Quizzes Today


Score Distribution

Your Account Isn't Verified!

In order to create a playlist on Sporcle, you need to verify the email address you used during registration. Go to your Sporcle Settings to finish the process.

Report this User

Report this user for behavior that violates our Community Guidelines.

Details: